000 00357pam a2200157a 44500
008 230515b1991 xxu||||| |||| 00| 0 eng d
020 _aNULL
041 _aENGL
082 _a512.9434 / JOS
100 _aJOSHI A.W.
245 _aMATRICES AND TENSORS IN PHYSICS
250 _aN.D.
260 _aNULL
_bWILEY
_c1991
300 _a239 PB
650 _aNULL
999 _c624418
_d624418